Les problèmes de l'ame / (Record no. 157242)

MARC details
000 -LEADER
campo de control de longitud fija 00670nam a22001935i 4500
001 - NÚMERO DE CONTROL
campo de control 157242
003 - IDENTIFICADOR DE NÚMERO DE CONTROL
campo de control ES-MaACL
005 - FECHA Y HORA DE LA ÚLTIMA TRANSACCIÓN
campo de control 20230906210629.0
008 - DATOS DE LONGITUD FIJA--INFORMACIÓN GENERAL
campo de control de longitud fija 940301s1868 fr |||| | fre d
040 ## - FUENTE DE CATALOGACIÓN
Centro catalogador/agencia de origen CLM
Lengua de catalogación spa
100 1# - ENTRADA PRINCIPAL--NOMBRE DE PERSONA
Nombre de persona Laugel, Auguste.
9 (RLIN) 128735
245 14 - MENCIÓN DEL TÍTULO
Título Les problèmes de l'ame /
Mención de responsabilidad, etc. par Auguste Laugel.
260 ## - PUBLICACIÓN, DISTRIBUCIÓN, ETC.
Lugar de publicación, distribución, etc. Paris :
Nombre del editor, distribuidor, etc. Germer Baillière, libraire-éditeur...,
Fecha de publicación, distribución, etc. 1868 (
Fabricante Imprimerie de E. Martinet...)
300 ## - DESCRIPCIÓN FÍSICA
Extensión 163, 24 p. ;
Dimensiones 19 cm.
505 8# - NOTA DE CONTENIDO CON FORMATO
Nota de contenido con formato Con pag. propia catálogo de obras publicadas por G.Bailliere fechado en "juillet 1878"
597 #1 - NOTA DE DESCRIPCIÓN FÍSICA
NOTA DE DESCRIPCIÓN FÍSICA Antep.
650 #4 - PUNTO DE ACCESO ADICIONAL DE MATERIA--TÉRMINO DE MATERIA
Término de materia o nombre geográfico como elemento de entrada Alma.
9 (RLIN) 9739
852 ## - LOCALIZACIÓN
Ubicación ES-MaACL
Número de control de estantería F-12020
Nota libre -- Enc. pasta española
Holdings
Estatus retirado Estado de pérdida Estado de daño No para préstamo Colección Biblioteca de origen Biblioteca actual Ubicación en estantería Fecha de adquisición Fuente de adquisición Total de préstamos Signatura topográfica completa Código de barras Visto por última vez Precio de reemplazo Tipo de ítem Koha
        Libros del s. XIX Biblioteca del Ateneo de Madrid Biblioteca del Ateneo de Madrid Sala Pecera Planta 2 17/01/2008     F-12020 1164544 23/02/2023 23/02/2023 Libro impreso antiguo